| 000 | 01618cas a2200433 a 4500 | ||
|---|---|---|---|
| 005 | 20260322212050.0 | ||
| 007 | data | ||
| 008 | data | ||
| 010 | _a 2004212960 | ||
| 012 | _a-3-7-1108050203-p----- | ||
| 022 | 0 |
_a1548-4157 _l1548-4157 _21 |
|
| 037 | _bReiman Media Group, 5400 S. 60th St., Greendale WI 53129 | ||
| 040 |
_aNSDP _cNSDP _dIRoo _dOCoLC _dIRoo |
||
| 042 |
_ansdp _ansdp |
||
| 050 | 0 | 0 |
_aTX715 _b.T213224 |
| 082 | 1 | 0 |
_a641 _213 |
| 092 | _a641.5 T2132 2004 | ||
| 222 | 0 | _aTaste of home's contest winning annual recipes | |
| 245 | 1 | 0 | _aTaste of home's contest winning annual recipes. |
| 246 | 3 | 0 | _aContest winning annual recipes |
| 246 | 1 | 7 | _aContest winning recipes |
| 260 |
_aGreendale, WI : _bReiman Media Group, _c2004- |
||
| 300 |
_av. : _bcol. ill. ; _c28 cm. |
||
| 310 | _aAnnual | ||
| 362 | 0 | _a2004- | |
| 500 | _a"Taste of home books." | ||
| 580 | _aCompilation ed. of prize-winning recipes from: Taste of home; Taste of home quick cooking; Country woman; and Country (Greendale, Wis.). | ||
| 650 | 0 |
_aCooking, American _vPeriodicals. |
|
| 650 | 0 |
_aCooking, American _xCompetitions _vPeriodicals. |
|
| 730 | 0 | _aTaste of home. | |
| 730 | 0 | _aCountry woman. | |
| 730 | 0 | _aCountry (Greendale, Wis.) | |
| 730 | 0 | _aTaste of home quick cooking. | |
| 787 | 1 |
_tTaste of home _x1071-5878 _w(OCoLC)27481413 _w(OCoLC)27481413 |
|
| 787 | 1 |
_tCountry woman _x0892-8525 _w(OCoLC)15272003 _w(OCoLC)15272003 |
|
| 787 | 1 |
_tCountry (Greendale, Wis.) _x0895-0377 _w(OCoLC)15608824 _w(OCoLC)15608824 |
|
| 787 | 1 |
_tTaste of home quick cooking _x1099-632X _w(OCoLC)38472218 _w(OCoLC)38472218 |
|
| 001 | data | ||
| 999 |
_c1177 _d1177 |
||